Válka hříchu. Kniha třetí, Skrytý prorok /

Hlavní autor: Knaak, Richard A., 1961-
Jazyk: Čeština
Vydáno: Ostrava : Fantom Print, 2012
Vydání: 1. vyd.
Edice: Diablo
Témata:
Fyzický popis: 287 s. ; 17 cm
Knihy
Uloženo v:
LEADER 01409nam a2200433 a 4500
001 nkc20122391911
003 CZ PrNK
005 20121120095836.0
007 ta
008 121025s2012 xr g 000 f cze
015 |a cnb002391911 
020 |a 978-80-7398-189-1  |q (brož.) 
035 |a (OCoLC)820693873 
040 |a ABA001  |b cze 
041 1 |a cze  |h eng 
072 7 |a 821.111(73)-3  |x Americká próza  |2 Konspekt  |9 25 
080 |a 821.111(73)-31  |2 MRF 
080 |a (0:82-312.9)  |2 MRF 
100 1 |a Knaak, Richard A.,  |d 1961-  |7 xx0005734  |4 aut 
245 1 0 |a Válka hříchu.  |n Kniha třetí,  |p Skrytý prorok /  |c Richard A. Knaak ; [překlad Jan Netolička] 
246 1 |i Název v tiráži:  |a Diablo - Skrytý prorok 
246 3 0 |a Skrytý prorok 
250 |a 1. vyd. 
260 |a Ostrava :  |b Fantom Print,  |c 2012 
300 |a 287 s. ;  |c 17 cm 
490 1 |a Diablo 
500 |a Přeloženo z angličtiny 
655 7 |a americké romány  |7 fd131796  |2 czenas 
655 7 |a fantasy romány  |7 fd184199  |2 czenas 
655 9 |a American fiction  |2 eczenas 
655 9 |a fantasy novels  |2 eczenas 
765 0 |t Diablo - The veiled prophet  |9 Česky 
765 1 |t Veiled prophet  |9 Česky 
830 0 |a Diablo  |0 s 
910 2 |a BOA001  |b 1-1272.953,3 
990 |a BK 
995 |a 01 
991 |b 201211  |e b 
996 6 |b 2610526420  |c 1-1272.953,3  |l MZK  |r Sklad / do 1 hodiny  |n 0  |p p.v.  |w 001293935  |u 000010  |a 1  |e BOA001  |j MZK50  |s P